| 000 | 00843nam a22002417a 4500 | ||
|---|---|---|---|
| 999 |
_c17776 _d17776 |
||
| 003 | AR-CdUCM | ||
| 008 | 190403b ||||| |||| 00| 0 spa d | ||
| 020 | _a950-13-2549-0 | ||
| 040 |
_aMUNICIPALIDAD PROVINCIAL DEL CUSCO _cBIBLIOTECA MUNICIPAL DEL CUSCO |
||
| 082 |
_a909.4 / _bS33 |
||
| 100 |
_aSecco Ellauri, Oscar _916085 |
||
| 245 |
_aHistoria universal : _bÉpoca moderna / |
||
| 260 |
_bKapelusz, _c1945. _aBuenos Aires : |
||
| 300 |
_a316 páginas ; _c18 cm. |
||
| 505 | _aContenido : Invenciones y descubrimientos -- Tratado de tordesillas -- Felipe y la preponderancia Española en Europa... | ||
| 650 |
_aDescubrimiento de America _911873 |
||
| 650 |
_aInvensiones _937953 |
||
| 650 |
_aConquista de Chile _937954 |
||
| 650 |
_aEuropa _91221 |
||
| 700 |
_aBaridon, Pedro Daniel _918445 |
||
| 942 |
_2ddc _cLIBROS |
||
| 945 | _arcc | ||